|
|
|
|
| LEADER |
01029nam a2200205Ia 4500 |
| 008 |
111204s1975 ii 000 p mal d |
| 041 |
|
|
|a mal
|
| 082 |
|
|
|2 851.821
|
| 100 |
0 |
|
|a കുമാരനാശാൻ ,
|9 1579370
|d 1873-1924
|
| 245 |
|
|
|a ആശാന്റെ പദ്യകൃതികൾ /
|c കുമാരനാശാൻ
|
| 246 |
|
|
|a Asante Padhyakrithikal
|
| 260 |
|
|
|b ഡി .സി.ബുക്ക്സ് ,
|a കോട്ടയം :
|c 1975.
|
| 300 |
|
|
|a 596 pages.
|
| 300 |
|
|
|a 904pages.
|
| 653 |
|
|
|a Poetry-Malayalam
|
| 942 |
|
|
|c BK
|
| 999 |
|
|
|c 207383
|d 207383
|
| 952 |
|
|
|0 0
|1 0
|2 ddc
|4 0
|6 R_851_821000000000000_ASA
|7 0
|9 229355
|a MAL
|b MAL
|c REF
|d 1987-07-17
|g 195.00
|l 0
|o R851.821 ASA
|p MAL26967
|r 2011-12-05
|v 195.00
|w 2011-12-05
|y REF
|
| 952 |
|
|
|0 0
|1 0
|2 ddc
|4 0
|6 851_821000000000000_ASA
|7 0
|9 229356
|a MAL
|b MAL
|c REF
|d 1987-07-17
|g 50.00
|l 0
|o 851.821 ASA
|p MAL17177
|r 2011-12-05
|v 50.00
|y BK
|
| 952 |
|
|
|0 0
|1 0
|2 ddc
|4 0
|6 851_821000000000000_ASA
|7 0
|9 229357
|a MAL
|b MAL
|c ST1
|d 2015-10-12
|g 395.00
|l 2
|o 851.821 ASA
|p MAL37079
|r 2019-09-19
|s 2017-05-18
|y BK
|